<?xml version="1.0" encoding="UTF-8"?>
<record
    xmlns:xsi="http://www.w3.org/2001/XMLSchema-instance"
    xsi:schemaLocation="http://www.loc.gov/MARC21/slim http://www.loc.gov/standards/marcxml/schema/MARC21slim.xsd"
    xmlns="http://www.loc.gov/MARC21/slim">

  <leader>02646nam a2200277 a 4500</leader>
  <controlfield tag="001">000048263</controlfield>
  <controlfield tag="005">20201002061029.0</controlfield>
  <controlfield tag="008">181210s2015    dr a          000 0 spa d</controlfield>
  <datafield tag="020" ind1=" " ind2=" ">
    <subfield code="a">9789945589979</subfield>
  </datafield>
  <datafield tag="040" ind1=" " ind2=" ">
    <subfield code="a">DO-SdBNP</subfield>
    <subfield code="b">spa</subfield>
    <subfield code="c">BNPHU</subfield>
  </datafield>
  <datafield tag="082" ind1=" " ind2=" ">
    <subfield code="a">xxx</subfield>
    <subfield code="b">C957</subfield>
  </datafield>
  <datafield tag="100" ind1="1" ind2=" ">
    <subfield code="a">Cruz, Carina de la</subfield>
    <subfield code="d">1997-</subfield>
    <subfield code="9">75697</subfield>
  </datafield>
  <datafield tag="245" ind1="1" ind2="0">
    <subfield code="a">Vidas diferentes. /</subfield>
    <subfield code="c">Carina de la Cruz.</subfield>
  </datafield>
  <datafield tag="246" ind1="1" ind2="2">
    <subfield code="a">Vidas diferentes :</subfield>
    <subfield code="b">cambiando vidas, creando conciencia, plasmando historias /</subfield>
  </datafield>
  <datafield tag="260" ind1=" " ind2=" ">
    <subfield code="a">Santo Domingo, :</subfield>
    <subfield code="b">Santuario,</subfield>
    <subfield code="c">2015.</subfield>
  </datafield>
  <datafield tag="300" ind1=" " ind2=" ">
    <subfield code="a">109 p. :</subfield>
    <subfield code="b">il. ;</subfield>
    <subfield code="c">23 cm.</subfield>
  </datafield>
  <datafield tag="504" ind1=" " ind2=" ">
    <subfield code="a">Bibliograf&#xED;a p: 109</subfield>
  </datafield>
  <datafield tag="505" ind1="0" ind2=" ">
    <subfield code="t">Dedicatoria --</subfield>
    <subfield code="t">Agradecimientos --</subfield>
    <subfield code="t">Para empezar --</subfield>
    <subfield code="g">Cap&#xED;tulo 1: Un car&#xE1;cter problem&#xE1;tico --</subfield>
    <subfield code="t">Inestabilidades --</subfield>
    <subfield code="t">&#xBF;C&#xF3;mo cambiar mi mal humor y mi odiosidad? --</subfield>
    <subfield code="t">El peor enemigo --</subfield>
    <subfield code="t">Las maldiciones --</subfield>
    <subfield code="t">Un muy triste pasado /</subfield>
  </datafield>
  <datafield tag="505" ind1="0" ind2=" ">
    <subfield code="g">Cap&#xED;tulo 2: Cosas que pasan en la vida --</subfield>
    <subfield code="t">Una vida sin sentido --</subfield>
    <subfield code="t">La gran pregunta --</subfield>
    <subfield code="t">Una poderosa confusi&#xF3;n --</subfield>
    <subfield code="t">La depresi&#xF3;n --</subfield>
    <subfield code="t">&#xBF;C&#xF3;mo combatir la depresi&#xF3;n? --</subfield>
    <subfield code="t">Los amigos --</subfield>
    <subfield code="t">&#xBF;Qui&#xE9;n es mi amigo? --</subfield>
    <subfield code="t">Los enemigos --</subfield>
    <subfield code="t">&#xA1;Qu&#xE9; dif&#xED;cil! --</subfield>
    <subfield code="t">Doble vida. Doble moral --</subfield>
    <subfield code="t">Una pieza mal colocada --</subfield>
    <subfield code="t">Me quiero tal y como soy /</subfield>
  </datafield>
  <datafield tag="505" ind1="0" ind2=" ">
    <subfield code="g">Cap&#xED;tulo 3: Pasiones peligrosas --</subfield>
    <subfield code="t">Amigos con derecho --</subfield>
    <subfield code="t">Errores pasados --</subfield>
    <subfield code="t">Lascivia --</subfield>
    <subfield code="t">C&#xF3;mo cambiar mi manera de pensar --</subfield>
    <subfield code="t">Los celos --</subfield>
    <subfield code="t">&#xBF;c&#xF3;mo combatir los celos? --</subfield>
    <subfield code="t">Mis celos enfermisos --</subfield>
    <subfield code="t">El homosexualismo --</subfield>
    <subfield code="t">El relato de las ciudades perdidas --</subfield>
    <subfield code="t">Ex homosexual --</subfield>
    <subfield code="t">Infidelidades --</subfield>
    <subfield code="t">Su traici&#xF3;n --</subfield>
    <subfield code="t">&#xBF;Por qu&#xE9; debo esperar? --</subfield>
    <subfield code="t">Fiestas que van contra DIOS --</subfield>
    <subfield code="t">El carnaval --</subfield>
    <subfield code="t">Halloween --</subfield>
    <subfield code="t">La pornograf&#xED;a --</subfield>
  </datafield>
  <datafield tag="505" ind1="0" ind2=" ">
    <subfield code="g">Cap&#xED;tulo 4: Adicciones peligrosas --</subfield>
    <subfield code="t">Las drogas eran mi vida --</subfield>
    <subfield code="t">Las redes sociales --</subfield>
    <subfield code="t">Un dato --</subfield>
    <subfield code="t">Lo que los j&#xF3;venes opinan --</subfield>
    <subfield code="t">Mi adicci&#xF3;n a la pornograf&#xED;a /</subfield>
  </datafield>
  <datafield tag="505" ind1="0" ind2=" ">
    <subfield code="g">Cap&#xED;tulo 5: Abusos --</subfield>
    <subfield code="t">cicatrices --</subfield>
    <subfield code="t">El dolor de crecer --</subfield>
    <subfield code="t">La m&#xE1;scara --</subfield>
    <subfield code="t">Mi dolor m&#xE1;s grande --</subfield>
    <subfield code="t">todo obra para bien /</subfield>
  </datafield>
  <datafield tag="505" ind1="0" ind2=" ">
    <subfield code="a">Cap&#xED;tulo 6: Mi amor verdadero --</subfield>
    <subfield code="t">El amor --</subfield>
    <subfield code="t">La pareja perfecta --</subfield>
    <subfield code="t">El amor est&#xE1; en riesgo --</subfield>
    <subfield code="t">Los pr&#xED;ncipes --</subfield>
    <subfield code="t">Las cualidades de los pr&#xED;ncipes --</subfield>
    <subfield code="t">amor a primera vista --</subfield>
    <subfield code="t">Verdad o cierto --</subfield>
    <subfield code="t">En los zapatos ajenos --</subfield>
    <subfield code="t">La distancia --</subfield>
    <subfield code="t">&#xBF;Como mantener una relaci&#xF3;n a distancia? --</subfield>
    <subfield code="t">Estoy preparado para casarme /</subfield>
  </datafield>
  <datafield tag="505" ind1="0" ind2=" ">
    <subfield code="g">Cap&#xED;tulo 7: Somos algo m&#xE1;s --</subfield>
    <subfield code="t">Tipos de cristianos --</subfield>
    <subfield code="t">&#xBF;Qu&#xE9; es ser cristiano para m&#xED;? --</subfield>
    <subfield code="t">Creer o no creer --</subfield>
    <subfield code="t">M&#xE1;s que una religi&#xF3;n --</subfield>
    <subfield code="t">&#xBF;Cu&#xE1;l es la religi&#xF3;n verdadera? --</subfield>
    <subfield code="t">M&#xE1;s que un simple llamado --</subfield>
    <subfield code="t">La vida pasada --</subfield>
    <subfield code="t">M&#xE1;s que aburridos --</subfield>
    <subfield code="t">M&#xE1;s que una perla --</subfield>
    <subfield code="t">Todo est&#xE1; claro --</subfield>
    <subfield code="t">Bibliograf&#xED;a /</subfield>
  </datafield>
  <datafield tag="590" ind1=" " ind2=" ">
    <subfield code="a">Inventariado, 2019/ YL</subfield>
  </datafield>
  <datafield tag="952" ind1=" " ind2=" ">
    <subfield code="0">0</subfield>
    <subfield code="1">0</subfield>
    <subfield code="7">1</subfield>
    <subfield code="8">DS</subfield>
    <subfield code="a">GR</subfield>
    <subfield code="b">GR</subfield>
    <subfield code="c">CT</subfield>
    <subfield code="d">2018-12-10</subfield>
    <subfield code="i">LF1</subfield>
    <subfield code="l">0</subfield>
    <subfield code="o">xxx C957</subfield>
    <subfield code="p">48263-30</subfield>
    <subfield code="r">2020-06-25</subfield>
    <subfield code="t">e. 3</subfield>
    <subfield code="w">2020-06-25</subfield>
    <subfield code="y">LFDS</subfield>
    <subfield code="Z">No se presta</subfield>
  </datafield>
  <datafield tag="952" ind1=" " ind2=" ">
    <subfield code="0">0</subfield>
    <subfield code="1">0</subfield>
    <subfield code="7">1</subfield>
    <subfield code="8">PD</subfield>
    <subfield code="a">PD</subfield>
    <subfield code="b">PD</subfield>
    <subfield code="c">CT</subfield>
    <subfield code="d">2018-12-10</subfield>
    <subfield code="i">LF1</subfield>
    <subfield code="l">0</subfield>
    <subfield code="o">xxx C957</subfield>
    <subfield code="p">48263-10</subfield>
    <subfield code="r">2020-06-25</subfield>
    <subfield code="w">2020-06-25</subfield>
    <subfield code="y">LFPD</subfield>
    <subfield code="Z">No se presta</subfield>
  </datafield>
  <datafield tag="952" ind1=" " ind2=" ">
    <subfield code="0">0</subfield>
    <subfield code="1">0</subfield>
    <subfield code="7">1</subfield>
    <subfield code="8">PD</subfield>
    <subfield code="a">PD</subfield>
    <subfield code="b">PD</subfield>
    <subfield code="c">CT</subfield>
    <subfield code="d">2018-12-10</subfield>
    <subfield code="i">LF1</subfield>
    <subfield code="l">0</subfield>
    <subfield code="o">xxx C957</subfield>
    <subfield code="p">48263-20</subfield>
    <subfield code="r">2020-06-25</subfield>
    <subfield code="t">e. 2</subfield>
    <subfield code="w">2020-06-25</subfield>
    <subfield code="y">LFPD</subfield>
    <subfield code="Z">No se presta</subfield>
  </datafield>
  <datafield tag="999" ind1=" " ind2=" ">
    <subfield code="c">47751</subfield>
    <subfield code="d">47751</subfield>
  </datafield>
</record>
